Quiz culture générale - Statistiques

Statistiques générales
  • Ce quiz a été pris 127 fois
  • Le résultat moyen est 8 sur 15
Statistiques - réponses
Question Réponse % Correct
Lequel n'est pas un nombre premier ? 20
93%
Laquelle n'est pas une étoile/planètes ? Lune
86%
Comment s'appelle le point le plus éloigné de la surface terrestre ( dans l'océan ) ? Le Point némo
83%
Qui n'est pas mort dans les années 80 ? Francois Mitterand ( politicien )
66%
Laquelle n'est pas une race de chien ? Maine Coon
61%
Laquelle de ces notions n'est pas dans le programme de philosophie en Terminale ? La Technologie
57%
Quel pays ne contient pas de rouge dans son drapeau ? Sierra Leone
55%
Quand est mort Louis XVI ? 21 janvier 1793
50%
Quelle est l'application la plus téléchargée en 2025 ? Chat GPT
48%
Quel youtubeur Français possède moins de 6M d'abonnés ? Fast Good Cuisine
48%
Quelle ville compte moins de 300k habitants ? Rennes
37%
Quelle couleur de cheveux Mbappé n'a t-il jamais eu ? Rose
36%
Quel mot en espagnol s'écrit sans la lettre "e" ? oiseau
28%
Quelle est la longueur de la plus longue barbe du monde ? 5,33 mètres
24%
Quel film à gagner un césar en 2017 ? Moonlight
18%
Aucun quiz correspondant
Distribution des résultats
% des personnes avec chaque résultat
Percentile par nombre de réponses
Votre historique - résultats
Vous n’avez pas pris ce quiz